Central Library OPAC University of Rajshahi

Çikshāsamuccaya : (Record no. 32333)

MARC details
000 -LEADER
fixed length control field 01155nam a2200313 a 4500
001 - CONTROL NUMBER
control field 32333
003 - CONTROL NUMBER IDENTIFIER
rucl marc code BD-RjUL
005 - DATE AND TIME OF LATEST TRANSACTION
control field 20211209051822.0
008 - FIXED-LENGTH DATA ELEMENTS--GENERAL INFORMATION
fixed length control field 140426t1957 ne 000 0 san d
035 ## - SYSTEM CONTROL NUMBER
System control number (BD-RjUL)32422
040 ## - CATALOGING SOURCE
Original cataloging agency MDY
Transcribing agency MDY
Modifying agency m.c.
-- m/c
-- BD-RjUL
Language of cataloging eng
041 0# - LANGUAGE CODE
Language code of text/sound track or separate title san
Language code of summary or abstract eng
082 04 - DEWEY DECIMAL CLASSIFICATION NUMBER
Classification number 294.3
Author mark and year CIK 1957
090 ## - LOCALLY ASSIGNED LC-TYPE CALL NUMBER (OCLC); LOCAL CALL NUMBER (OCLC)
Classification number (OCLC) (R) ; Classification number, CALL (RLIN) (NR) BQ7400
Local cutter number (OCLC) ; Book number/undivided call number, CALL (RLIN) .S2
245 10 - TITLE STATEMENT
Title Çikshāsamuccaya :
Remainder of title a compendium of Buddhistic teaching /
Statement of responsibility, etc. compiled by Çāntideva chiefly from earlier Mahāyāna-sūtras ; edited by Cecil Bendall
260 ## - PUBLICATION, DISTRIBUTION, ETC. (IMPRINT)
Place of publication, distribution, etc. 's-Gravenhage :
Name of publisher, distributor, etc. Mouton,
Date of publication, distribution, etc. 1957.
300 ## - PHYSICAL DESCRIPTION
Pagination xlvii, 419 p. :
Illustrations ill. ;
Size 25 cm
490 1# - SERIES STATEMENT
Series statement Indo-Iranian reprints ;
500 ## - GENERAL NOTE
General note "Photomechanic reprint." Originally published by the Imperial Academy of Sciences, St. Petersburg, 1897-1902, as v.1 of the Bibliotheca buddhica
General note Text in Sanskrit, notes in English
504 ## - BIBLIOGRAPHY, ETC. NOTE
Bibliography, etc Bibliographical reference.
650 #0 - SUBJECT ADDED ENTRY--TOPICAL TERM
Topical term or geographic name as entry element Mahayana Buddhism
9 (RLIN) 98363
700 1# - ADDED ENTRY--PERSONAL NAME
Personal name Śāntideva
Personal name Bendall, Cecil,
Dates associated with a name 1856-1906.
830 #0 - SERIES ADDED ENTRY--UNIFORM TITLE
Volume number/sequential designation 1
830 #0 - SERIES ADDED ENTRY--UNIFORM TITLE
Uniform title Indo-Iranian reprints ;
942 ## - ADDED ENTRY ELEMENTS (KOHA)
Source of classification or shelving scheme Dewey Decimal Classification
Koha item type Books
Holdings
Lost status Source of classification or shelving scheme Damaged status Not for loan Collection code Permanent Location Current Location Shelving location Date acquired Source of acquisition Cost, normal purchase price Total Checkouts Full call number Date last seen Copy number Koha item type
  Dewey Decimal Classification     Non-fiction Central Library, University of Rajshahi Central Library, University of Rajshahi   05/02/1963 zeithinger 63.05   294.3 CIK 1957 26/04/2014 C-1 Books